00521nam a2200169Ia 4500003000400000008004100004040001600045082002300061100005500084245008300139300001000222490001800232650001900250650002600269650002600295650003000321GCL140319s9999 xx 000 0 ara d aGCL / cGCL04aطb813.087bد ع1 aدار نهضة مصر للطباعة والنشر10aالعدو الغامض / cدار نهضة مصر للطباعة والنشر a24 ص aنينجاv004aالاطفال04aقصص الاطفال04aادب الاطفال04aقصص المغامرات